000 nam a22 7a 4500
999 _c129791
_d129791
008 190904b xxu||||| |||| 00| 0 eng d
050 _aSPC. DT1.T50
_bG721
100 _aGovo, Vhuramai Tatenda
_948031
245 _aApplying John Rawls' concept of justice as fairness
_baddressing the problem of moral corruption in the institution of traditional leadership with specific reference to the Karanga Shona people of Zimbabwe and Mukanganwi Chieftainship of Bikita as a case study
_cVhuramai Tatenda Govo
260 _aHarare
_bArrupe Jesuit University
_c2018
300 _a72p. ;
_c31cm.
500 _aThesis
600 _aRawls, John
_934792
650 _aJustice
_948032
650 _aShona (African people)
_xSocial life and customs
_930981
942 _2lcc
_cMONOGRAPH